|
|
|
|
| LEADER |
00000cam a2200000 7i4500 |
| 001 |
0000054739 |
| 005 |
20151222.0 |
| 008 |
151109 |
| 020 |
|
|
|a 9789838809481
|
| 090 |
0 |
0 |
|a AD
|b MAL
|
| 100 |
0 |
|
|a Badrul Risham
|
| 245 |
1 |
0 |
|a Peristiwa di Taman Hidayah
|c Badrul Risham
|
| 260 |
|
|
|a Selangor :
|b Eddiplex ,
|c 2015
|
| 490 |
0 |
|
|a Siri novel penyiasatan
|
| 500 |
|
|
|a Children ages 7-9 years old (orange)
|
| 650 |
|
0 |
|a Detective & mystery stories malay
|
| 999 |
|
|
|a 0001365258
|b Book
|c Children Collection
|e Cawangan Kota Tinggi
|
| 999 |
|
|
|a 0001365259
|b Book
|c Children Collection
|e Cawangan Mersing
|
| 999 |
|
|
|a 0001365261
|b Book
|c Children Collection
|e Cawangan Tmn. Ungku Tun Aminah
|
| 999 |
|
|
|a 0001365262
|b Book
|c Children Collection
|e Cawangan Sri Merlong
|
| 999 |
|
|
|a 0001365263
|b Book
|c Children Collection
|e Cawangan Taman Universiti
|
| 999 |
|
|
|a 0001365264
|b Book
|c Children Collection
|e Cawangan Taman Sri Lambak
|
| 999 |
|
|
|a 0001365265
|b Book
|c Teenagers
|e Cawangan Bandar Tenggara
|
| 999 |
|
|
|a 0001365266
|b Book
|c Adult Collection
|e Cawangan Bandar Penawar
|
| 999 |
|
|
|a 0001365267
|b Book
|c Children Collection
|e Cawangan Pontian
|
| 999 |
|
|
|a 0001365268
|b Book
|c Children Collection
|e Cawangan Tangkak
|
| 999 |
|
|
|a 0001365269
|b Book
|c Children Collection
|e Cawangan Batu Pahat
|
| 999 |
|
|
|a 0001365270
|b Book
|c Children Collection
|e Cawangan Segamat
|
| 999 |
|
|
|a 0001365271
|b Book
|c Children Collection
|e Cawangan Bukit Gambir
|
| 999 |
|
|
|a 0001367018
|b Book
|c Children Collection
|e Perbadanan Perpustakaan Awam Johor
|
| 999 |
|
|
|a 0001367019
|b Book
|c Children Collection
|e Cawangan Urban Transformation Centre
|